Povážie Strečno

Zobrazenie: V bielom orámovaní pohľad na cestu do oblúka, ktorá je na pravej strane lemovaná zvodidlami a nad ktorou sa v pozadí, na skale týči zrúcanina hradu. Na ceste je skupinka ľudí. Vpravo od cesty tečie rieka

Bibliographic Details
Format: Photo
Language:Slovak
PhysicalDescription:1 pohľadnica kolorovaná 14 x 10 cm
Published: Vrútky Ján Barica [1924?]
Subjects:

MARC

LEADER 00000nkm a2200000 a 4500
001 vtls012022954
003 SK-MaSNL
005 20260301204418.0
007 kf ho
008 231121q1924 xo g kuslo
015 |a SNBG1924 
035 |a urn:nbn:sk:snk-km00gici 
035 |a 7E895B30-DD36-489B-B2F5-99D47633FCA7 
040 |a SNK  |b slo  |c SNK  |e AACR2 
041 0 |a slo 
043 |a e-xo--- 
044 |a xo  |c SK 
072 7 |a 913  |x Regionálna geografia  |2 konspekt 
080 |a 913(437.6)  |2 2011 
080 |a 904:72/7.025.21  |2 2011 
080 |a 904(084.121)  |2 2011 
080 |a 728.81  |2 2011 
080 |a 556.53(282.243)  |2 2011 
080 |a 908(437.6)  |2 2011 
245 0 0 |a Povážie  |h grafika  |b Strečno 
260 |a Vrútky  |b Ján Barica  |c [1924?]  |e [Hradec Králové]  |f A. V. Hr. Kr. 
300 |a 1 pohľadnica  |b kolorovaná  |c 14 x 10 cm 
500 |a Názvové údaje prevzaté z obrazovej časti pohľadnice 
500 |a Na adresnej časti uvedené: "2489" 
520 8 |a Zobrazenie: V bielom orámovaní pohľad na cestu do oblúka, ktorá je na pravej strane lemovaná zvodidlami a nad ktorou sa v pozadí, na skale týči zrúcanina hradu. Na ceste je skupinka ľudí. Vpravo od cesty tečie rieka 
610 1 7 |a Strečno (Slovensko : hrad)  |2 SNKKA  |9 32470 
650 0 7 |a hrady  |2 SNKPH  |9 3039 
650 0 7 |a rieky  |2 SNKPH  |9 29644 
650 0 7 |a zrúcaniny historických objektov  |2 SNKPH  |9 105150 
650 0 7 |a národné kultúrne pamiatky  |2 SNKPH  |9 31192 
651 7 |a Strečno (Slovensko)  |2 SNKPHgeo  |9 59373 
651 7 |a Váh (Slovensko : rieka)  |2 SNKPHgeo  |9 59387 
655 7 |a miestne pohľadnice  |2 SNKPH  |9 70510 
655 7 |a pohľadnice kultúrnych pamiatok  |2 SNKPH  |9 70523 
655 7 |a geografické pohľadnice  |2 SNKPH  |9 70522 
852 |a Slovenská národná knižnica 
958 |a GBN 
958 |a GC 
958 |a OND 
958 |a EUIPO 
999 |c 906331  |d 908261 
952 |a SNK  |b SNK  |y PREZ  |7 0  |p 17A1232780  |o snkSP 27313  |z Pohľadnica prešla poštou.  |0 0  |1 0  |4 0  |d 2021-04-13  |f 1  |l 0  |r 2026-02-24 07:29:04  |w 2026-02-24